Minecraft Enchantments: Enchantable Items - Statistics

General Stats
  • This quiz has been taken 57 times
    3 since last reset
  • The average score is 76 of 91
Answer Stats
Answer % Correct
Bow
100%
Chainmail Boots
100%
Chainmail Chestplate
100%
Chainmail Helmet
100%
Chainmail Leggings
100%
Copper Axe
100%
Copper Boots
100%
Copper Chestplate
100%
Copper Helmet
100%
Copper Hoe
100%
Copper Leggings
100%
Copper Pickaxe
100%
Copper Shovel
100%
Copper Spear
100%
Copper Sword
100%
Crossbow
100%
Diamond Axe
100%
Diamond Boots
100%
Diamond Chestplate
100%
Diamond Helmet
100%
Diamond Hoe
100%
Diamond Leggings
100%
Diamond Pickaxe
100%
Diamond Shovel
100%
Diamond Spear
100%
Diamond Sword
100%
Fishing Rod
100%
Flint and Steel
100%
Golden Axe
100%
Golden Boots
100%
Golden Chestplate
100%
Golden Helmet
100%
Golden Hoe
100%
Golden Leggings
100%
Golden Pickaxe
100%
Golden Shovel
100%
Golden Spear
100%
Golden Sword
100%
Iron Boots
100%
Iron Chestplate
100%
Iron Helmet
100%
Iron Leggings
100%
Leather Boots
100%
Leather Cap
100%
Leather Pants
100%
Leather Tunic
100%
Mace
100%
Netherite Axe
100%
Netherite Boots
100%
Netherite Chestplate
100%
Netherite Helmet
100%
Netherite Hoe
100%
Netherite Leggings
100%
Netherite Pickaxe
100%
Netherite Shovel
100%
Netherite Spear
100%
Netherite Sword
100%
Shears
100%
Stone Axe
100%
Stone Hoe
100%
Stone Pickaxe
100%
Stone Shovel
100%
Stone Spear
100%
Stone Sword
100%
Trident
100%
Wooden Axe
100%
Wooden Hoe
100%
Wooden Pickaxe
100%
Wooden Shovel
100%
Wooden Spear
100%
Wooden Sword
100%
Brush
50%
Elytra
50%
Iron Axe
50%
Iron Hoe
50%
Iron Pickaxe
50%
Iron Shovel
50%
Iron Spear
50%
Iron Sword
50%
Shield
50%
Turtle Shell
50%
Carrot on a Stick
0%
Carved Pumpkin
0%
Compass
0%
Creeper Head
0%
Dragon Head
0%
Piglin Head
0%
Skeleton Skull
0%
Warped Fungus on a Stick
0%
Wither Skeleton Skull
0%
Zombie Head
0%
No matching quizzes found
Score Distribution
Percent of People with Each Score
Percentile by Number Answered
Your Score History
You have not taken this quiz since the last reset